<?xml version="1.0" encoding="UTF-8"?>
<marc:record xmlns:marc="http://www.loc.gov/MARC21/slim">
   <marc:leader>00000nam a2200000 a 4500</marc:leader>
   <marc:datafield ind1="1" ind2=" " tag="100">
      <marc:subfield code="a">Meyer, Marissa</marc:subfield>
      <marc:subfield code="4">aut</marc:subfield>
      <marc:subfield code="e">Verfasser/-in</marc:subfield>
   </marc:datafield>
   <marc:datafield ind1="1" ind2=" " tag="100">
      <marc:subfield code="a">Moss, Tamara</marc:subfield>
      <marc:subfield code="4">aut</marc:subfield>
      <marc:subfield code="e">Verfasser/-in</marc:subfield>
   </marc:datafield>
   <marc:datafield ind1="1" ind2=" " tag="100">
      <marc:subfield code="a">Galic, Anja</marc:subfield>
   </marc:datafield>
   <marc:datafield ind1="0" ind2="0" tag="245">
      <marc:subfield code="a">The escape game</marc:subfield>
   </marc:datafield>
   <marc:datafield ind1="0" ind2="0" tag="245">
      <marc:subfield code="c">Marissa Meyer und Tamara Moss ; aus dem amerikanischen Englisch von Anja Gali´c</marc:subfield>
   </marc:datafield>
   <marc:datafield ind1=" " ind2="1" tag="264">
      <marc:subfield code="a">München</marc:subfield>
      <marc:subfield code="b">cbt</marc:subfield>
      <marc:subfield code="c">2026</marc:subfield>
   </marc:datafield>
   <marc:datafield ind1=" " ind2=" " tag="250">
      <marc:subfield code="a">1. Auflage</marc:subfield>
   </marc:datafield>
   <marc:datafield ind1="1" ind2=" " tag="520">
      <marc:subfield code="a">Vor sechs Monaten endete die vierte Staffel von »The Escape Game« mit einem Schock, als die Kandidatin Alicia Angelos am Set ermordet aufgefunden wurde. Nun stehen neue Kandidaten bereit, um die kniffligsten Rätsel der Show zu lösen. Mit dabei: Sierra Angelos, das Mädchen, das alle für die Mörderin ihrer Schwester halten. Sierra ist hier, um zu gewinnen &#x96; und um ein für alle Mal ihre Unschuld zu beweisen. Als im Spiel Hinweise auf den Mord auftauchen, wird klar, dass das Spiel um Leben und Tod noch lange nicht vorbei ist. Wenn Sierra und ihre Teammitglieder gewinnen &#x96; und überleben &#x96; wollen, müssen sie das größte Rätsel von allen lösen: Wer hat Alicia Angelos getötet?</marc:subfield>
   </marc:datafield>
   <marc:datafield ind1=" " ind2=" " tag="020">
      <marc:subfield code="a">9783570317778</marc:subfield>
      <marc:subfield code="9">9783570317778</marc:subfield>
   </marc:datafield>
   <marc:datafield ind1=" " ind2=" " tag="041">
      <marc:subfield code="a">ger</marc:subfield>
   </marc:datafield>
   <marc:datafield ind1=" " ind2=" " tag="300">
      <marc:subfield code="a">479 Seiten, Illustrationen</marc:subfield>
   </marc:datafield>
</marc:record>
